Řezy mozkem : Neuroanatomie, CT, NMR /

Hlavní autor: Petrovický, Pavel, 1937-2019
Korporativní autor: Univerzita Karlova. Lékařská fakulta
Jazyk: Čeština
Vydáno: Praha : Alberta, 1993
Témata:
Fyzický popis: 24 listů, fotogr. na příl.
Knihy
Uloženo v:
LEADER 01150nam a2200301 a 4500
001 000030824
003 CZ BrMZK
005 20210615091200.0
007 ta
008 010907s1993 xr f cze d
015 |a cnb000092185 
020 |a 80-85792-01-X 
040 |a BOA001  |b cze 
080 |a 616.831:611.8  |2 MRF 
080 |a 611.8:616.831  |2 MRF 
100 1 |a Petrovický, Pavel,  |d 1937-2019  |7 jn20000710472  |4 aut 
245 1 0 |a Řezy mozkem :  |b Neuroanatomie, CT, NMR /  |c Pavel Petrovický. 
260 |a Praha :  |b Alberta,  |c 1993 
300 |a 24 listů, fotogr. na příl. 
500 |a [Určeno pro posl. lék. fak. Karlovy univ. v Praze] 
653 0 |a anatomie  |a mozek 
710 2 |a Univerzita Karlova.  |b Lékařská fakulta  |7 xx0007487 
910 |a BOA001  |b 4-1011.391 
964 |a Mozek  |x anatomie 
990 |a BK 
996 7 |b 2610024274  |c 4-1011.391  |l MZK  |r Sklad / do 1 hodiny  |n 34  |p p.v.  |w 000030824  |u 000010  |a 1  |e BOA001  |j MZK50  |s A 
996 6 |b 2610024991  |c 4-1011.391  |l MZK  |r Sklad / do 1 hodiny  |n 3  |p kup  |w 000030824  |u 000020  |a 1  |e BOA001  |j MZK50  |s P 
996 7 |b 2610024992  |c 4-1011.391  |l MZK  |r Sklad / do 1 hodiny  |n 21  |p kup  |w 000030824  |u 000030  |a 1  |e BOA001  |j MZK50  |s A